[Event "Pardubice Czech op-D 28th"]
[Site "Pardubice"]
[Date "2017.07.22"]
[Round "1"]
[White "Buk, Pavel"]
[Black "Corrente, Roberto"]
[Result "1-0"]
[WhiteElo "1655"]
[BlackElo "1248"]
[PlyCount "113"]
[EventDate "2017.07.22"]
[EventType "swiss"]
[EventRounds "9"]
[EventCountry "CZE"]
[SourceTitle "CBM 179 Extra"]
[Source "ChessBase"]
[SourceDate "2017.08.23"]
[SourceVersion "1"]
[SourceVersionDate "2017.08.23"]
[SourceQuality "1"]

1. f4 d5 2. Nf3 Nf6 3. e3 Bg4 4. Be2 e6 5. Ne5 Bxe2 6. Qxe2 Bd6 7. b3 Nbd7 8. Bb2 Qe7 9. 0-0 0-0-0 10. c4 dxc4 11. Nxc4 Bc5 12. d4 Bb6 13. Nbd2 Rdg8 14. a4 a5 15. Ba3 Qd8 16. Rac1 g5 17. Nd6+ Kb8 18. Nxf7 Qe8 19. Nxh8 gxf4 20. Rxf4 Rxh8 21. Nc4 Qg6 22. Nxb6 Nxb6 23. e4 Rg8 24. Qf3 Nbd7 25. Be7 Nh5 26. Rh4 Nhf6 27. Bxf6 Nxf6 28. Rf4 Nd7 29. g3 Qg5 30. Rc2 h5 31. Rf7 Rg7 32. Rxg7 Qxg7 33. Qc3 c6 34. Qe3 Qg4 35. Qf4+ Qxf4 36. gxf4 Kc7 37. Kf2 b6 38. Kg3 Nf6 39. Kh4 Nxe4 40. Kxh5 Kd6 41. Kg6 c5 42. dxc5+ Nxc5 43. Rxc5 Kxc5 44. h4 Kb4 45. h5 Kxb3 46. h6 Kxa4 47. h7 b5 48. h8Q b4 49. Qb2 Kb5 50. Kf6 a4 51. Kxe6 Kc4 52. Qc2+ Kb5 53. Kd5 a3 54. Qb3 Ka5 55. Kc5 Ka6 56. Qxb4 a2 57. Qb6# 1-0

[Event "St Petersburg Summer op"]
[Site "St Petersburg"]
[Date "2016.08.20"]
[Round "4"]
[White "Smorodkin, Kirill"]
[Black "Corrente, Roberto"]
[Result "1-0"]
[WhiteElo "1624"]
[BlackElo "1242"]
[PlyCount "59"]
[EventDate "2016.08.17"]
[EventType "swiss"]
[EventRounds "9"]
[EventCountry "RUS"]
[SourceTitle "CBM 174 Extra"]
[Source "ChessBase"]
[SourceDate "2016.10.10"]
[SourceVersion "1"]
[SourceVersionDate "2016.10.10"]
[SourceQuality "1"]

1. e4 c5 2. Nf3 e6 3. d4 cxd4 4. Nxd4 Nc6 5. Nc3 Bc5 6. Be3 d6 7. Be2 Nxd4 8. Bxd4 Qg5 9. 0-0 Ne7 10. Nb5 0-0 11. Kh1 Ng6 12. Bxc5 dxc5 13. Bf3 Ne5 14. Qe2 b6 15. Rad1 Bb7 16. Bh5 Qf4 17. Nc3 Qg5 18. f4 Qh4 19. fxe5 Bc6 20. Rd6 Rac8 21. Qg4 Qe7 22. Rfd1 Rfd8 23. Qg3 Rxd6 24. exd6 Qb7 25. Qf2 Bxe4 26. Nxe4 Qxe4 27. Qxf7+ Kh8 28. d7 Rg8 29. Qxg8+ Kxg8 30. d8Q# 1-0

[Event "St Petersburg Summer op"]
[Site "St Petersburg"]
[Date "2016.08.18"]
[Round "2"]
[White "Corrente, Roberto"]
[Black "Popovich, Alexey"]
[Result "0-1"]
[WhiteElo "1242"]
[BlackElo "1818"]
[PlyCount "52"]
[EventDate "2016.08.17"]
[EventType "swiss"]
[EventRounds "9"]
[EventCountry "RUS"]
[SourceTitle "CBM 174 Extra"]
[Source "ChessBase"]
[SourceDate "2016.10.10"]
[SourceVersion "1"]
[SourceVersionDate "2016.10.10"]
[SourceQuality "1"]

1. e4 e5 2. Nf3 Nf6 3. Nxe5 d6 4. Nf3 Nxe4 5. d3 Nf6 6. Nc3 d5 7. d4 Bd6 8. Bd3 0-0 9. 0-0 c6 10. Bg5 Bg4 11. h3 Bh5 12. Bf5 h6 13. Bh4 g6 14. Bd3 g5 15. Bg3 Re8 16. Bf5 Ne4 17. Bxd6 Qxd6 18. Qd3 Bxf3 19. gxf3 Nf6 20. Rfe1 Nbd7 21. Ne2 Nh5 22. Bg4 Ndf6 23. Kg2 Rxe2 24. Qf5 Qg3+ 25. Kh1 Qxf2 26. Rxe2 Ng3# 0-1